Promoting Independent Media (Record no. 1004)

MARC details
000 -LEADER
Fixed length control field 00440nam a2200169 4500
003 - CONTROL NUMBER IDENTIFIER
Control field SEACOMMC
005 - DATE AND TIME OF LATEST TRANSACTION
Control field 20250430144433.0
008 - FIXED-LENGTH DATA ELEMENTS--GENERAL INFORMATION
Fixed length control field 250114b |||||||| |||| 00| 0 eng d
020 ## - INTERNATIONAL STANDARD BOOK NUMBER / ISBN
International Standard Book Number 978-81-3090-436-8
Price Rs.695.00
040 ## - CATALOGING SOURCE
Original cataloging agency SEACOMMC
082 ## - DEWEY DECIMAL CLASSIFICATION NUMBER
Classification number 302
Book Number K 96
100 ## - MAIN ENTRY--PERSONAL NAME
Personal name Kumar, Krishna
245 1# - TITLE STATEMENT
Title Promoting Independent Media
Statement of responsibility Krishna Kumar
260 ## - IMPRINT
Place of publication Kolkata
Name of publisher Viva-Books
Date of publication 2006
650 ## - SUBJECT ADDED ENTRY--TOPICAL TERM
Topical term Mass Media
942 ## - ADDED ENTRY ELEMENTS (KOHA)
Koha item type Books
Holdings
Withdrawn status Lost status Source of classification Damaged status Not for loan Home library Current library Shelving location Date acquired Total Checkouts Call number Accession number Date last seen Price effective from Koha item type Copy number
    Dewey Decimal Classification     SEACOM MANAGEMENT COLLEGE SEACOM MANAGEMENT COLLEGE Reference 01/01/2008   302 K 96 M-1665 14/01/2025 14/01/2025 Books  
    Dewey Decimal Classification     SEACOM MANAGEMENT COLLEGE SEACOM MANAGEMENT COLLEGE   01/01/2008   302 K 96 M-1666 14/01/2025 14/01/2025 Books 1
    Dewey Decimal Classification     SEACOM MANAGEMENT COLLEGE SEACOM MANAGEMENT COLLEGE   01/01/2008   302 K 96 M-1667 14/01/2025 14/01/2025 Books 2
© Seacom Engineering College, All rights reserved.    Powered by Koha